Country Knock-out Tournament: Largest goes through - Statistics

General Stats
  • This quiz has been taken 167 times
  • The average score is 122 of 193
Answer Stats
ANSWER % Correct
Afghanistan
96%
Algeria
92%
Angola
90%
Argentina
90%
Australia
90%
Algeria
88%
Azerbaijan
88%
Bangladesh
88%
Belarus
86%
Belgium
86%
Benin
85%
Bolivia
85%
Argentina
84%
Australia
84%
Brazil
84%
Chad
84%
China
84%
Costa Rica
84%
Belarus
83%
Bulgaria
83%
Burma
83%
Canada
83%
Benin
82%
Cambodia
82%
Central African Republic
82%
Cuba
82%
Argentina
81%
Brazil
81%
Australia
80%
Canada
80%
Côte d'Ivoire
80%
Democratic Republic of the Congo
80%
Germany
80%
Burma
79%
China
79%
Denmark
79%
Dominican Republic
79%
Ecuador
79%
Egypt
79%
Ethiopia
79%
France
79%
Gabon
79%
Australia
78%
Eritrea
78%
Fiji
78%
Brazil
77%
Guatemala
77%
Democratic Republic of the Congo
76%
Germany
76%
Ghana
76%
Guinea
76%
Guyana
76%
Honduras
76%
India
76%
Iraq
76%
Italy
76%
Chad
75%
Côte d'Ivoire
75%
Egypt
75%
Ethiopia
75%
Indonesia
75%
Japan
75%
Ecuador
74%
France
74%
Iraq
74%
Kazakhstan
74%
Kenya
74%
Canada
73%
India
73%
Laos
73%
China
72%
Guinea
72%
Guyana
72%
Kazakhstan
72%
Kuwait
72%
Latvia
72%
Germany
71%
Liberia
70%
Libya
70%
Lithuania
70%
Madagascar
70%
Kenya
69%
Malaysia
69%
Democratic Republic of the Congo
68%
Malta
68%
Mauritania
68%
Canada
67%
Ethiopia
67%
Kazakhstan
67%
Libya
67%
Mali
67%
Mexico
67%
Egypt
66%
Laos
66%
Morocco
66%
China
65%
India
65%
Mongolia
65%
Madagascar
64%
Mali
64%
Norway
64%
Canada
63%
China
63%
Namibia
63%
Nepal
63%
Pakistan
63%
Peru
63%
Mauritania
61%
Niger
61%
Nigeria
61%
Papua New Guinea
61%
Philippines
61%
India
60%
Kenya
60%
New Zealand
60%
Portugal
60%
Russia
59%
Mexico
58%
Republic of the Congo
58%
Canada
57%
Kazakhstan
57%
Ethiopia
56%
Libya
56%
Namibia
56%
Pakistan
56%
India
55%
Mali
55%
Niger
55%
Peru
55%
Russia
55%
Saint Lucia
55%
Mexico
54%
New Zealand
54%
Russia
54%
Philippines
53%
Russia
52%
Samoa
52%
São Tomé and Príncipe
52%
Libya
51%
Saudi Arabia
50%
Serbia
50%
Samoa
49%
Sierra Leone
49%
Peru
48%
Somalia
48%
India
47%
Mexico
47%
Niger
47%
Slovakia
47%
South Africa
47%
Sudan
47%
Suriname
47%
South Sudan
46%
Sweden
46%
Syria
45%
Russia
44%
Saudi Arabia
44%
Serbia
44%
Tanzania
44%
Thailand
44%
United Kingdom
44%
United States
44%
Uzbekistan
44%
Russia
43%
Trinidad and Tobago
43%
Zambia
43%
Somalia
42%
South Africa
42%
Sudan
42%
Sweden
42%
Turkey
42%
Turkmenistan
42%
Ukraine
42%
Venezuela
42%
Yemen
42%
Russia
39%
Tanzania
39%
Turkey
39%
United States
39%
Saudi Arabia
38%
Somalia
36%
Sudan
36%
Zambia
36%
Ukraine
35%
Venezuela
35%
Mexico
34%
United States
34%
Saudi Arabia
32%
Sudan
32%
Tanzania
32%
Turkey
32%
United States
30%
United States
26%
No matching quizzes found
Score Distribution
Percent of People with Each Score
Percentile by Number Answered
Your Score History
You have not taken this quiz